Parametre a hodnotenie spoľahlivosti elektronických systémov

Salvato in:
Dettagli Bibliografici
Autore principale: Mičuda, Maroš (Autore)
Altri autori: Gramatová, Elena, 1948- (Relatore della tesi)
Natura: Manoscritto Libro
Lingua:slovacco
Pubblicazione: Bratislava : STU v Bratislave FIIT, 2005
Soggetti:
Tags: Aggiungi Tag
Nessun Tag, puoi essere il primo ad aggiungerne!!

MARC

LEADER 00000ntm a22000003a 4500
001 stu141154
005 20180423133203.4
008 070510s2005----xo------------------slo-d
040 |a STU  |b slo 
041 0 |a slo 
044 |a xo 
100 1 |a Mičuda, Maroš  |4 aut 
245 1 |a Parametre a hodnotenie spoľahlivosti elektronických systémov 
260 |a Bratislava :  |b STU v Bratislave FIIT,  |c 2005 
300 |a 42 s  |c príl. 
650 7 |a informatika  |2 stusub 
700 1 |a Gramatová, Elena,  |d 1948-  |4 ths  |u I100  |U FIIT Fakulta informatiky a informačných technológií  |T FIIT Ústav počítačových systémov a sietí  |X 4228  |U I100  |Y 178  |7 4228 
996 |b IZP61/05  |c I*ZP61/05  |l II680  |s A  |a 24  |w stu141154_0001